000 00977nac a22003011u 4500
003 EG-ScBUE
005 20211115153621.0
008 150901s2002 le f 000 f eng d
020 _a9953105278
020 _a9789953105277
040 _aEG-ScBUE
_beng
_erda
_cEG-ScBUE
_dEG-ScBUE
082 0 4 _a823.912
_bWOO
_222
100 1 _aWoolf, Virginia,‏
_d1882-1941,
_eauthor.
245 1 0 _aMrs Dalloway :
_bwith an introduction and summaries /
_cVirginia Woolf.
264 1 _aBeirut :
_bYork Press,
_c2002.
300 _axiv, 218 pages ;
_c20 cm.
336 _2rdacontent
_atext
_btxt
337 _2rdamedia
_aunmediated
_bn
338 _2rdacarrier
_avolume
_bnc
490 0 _aYork classics
650 7 _aTriangles (Interpersonal relations)
_vFiction.
_2BUEsh
650 7 _aMiddle-aged women
_vFiction.
_2BUEsh
650 7 _aSuicide victims
_vFiction.
_2BUEsh
651 _2BUEsh
653 _bHHUUEENN
_cNovember2021
655 _vReading book
_934232
942 _cBB
_2ddc
999 _c272
_d272